000 00418 a2200145 4500
005 20250625073613.0
020 _a13: 978-0-324-59770-7
082 _a658.15HOU.
100 _aHOUSTON. B.
245 _aFundamentals Of Financial Management
250 _a12th Ed.
260 _aNew York
_bSouth- Western Cengage Learning
_c2007.
300 _axxiii.; 668p.; ill, table, figure, picture
_bIndex
_c28cm.
942 _2ddc
_cBKS
999 _c4938
_d4938